000 00764nam a2200229Ia 4500
003 IN-BaIIA
008 211028s9999 xx 000 0 eng d
040 _cIIA Library
080 _a621.389.04
_bPET
100 _aPettit, Joseph Mayo
_92658
245 0 _aElectronic amplifier circuits theory and design
_cJoseph Mayo Pettit and Malcolm Myers McWhorter
260 _aNew York
_bMcGraw-Hill
_c1961
300 _axiii, 325p.
490 _aMcGraw-Hill Electrical and Electronic Enginering Series
650 _aAmplifiers
_92159
650 _aCircuits
_91974
650 _aElectronics
_91576
650 _aIntegrated Circuits
_93314
650 _aNASA Thesaurus
700 _aMcWhorter, Malcolm Myers
_93793
942 _cBK
999 _c2011
_d2011